header

California's early settlements, 1769-1823 (Record no. 3083)

MARC details
000 -LEADER
fixed length control field 01187nem a2200313 4500
245 00 - TITLE STATEMENT
Title California's early settlements, 1769-1823
260 ## - PUBLICATION, DISTRIBUTION, ETC. (IMPRINT)
Place of publication [S.l.] :
Name of publisher Maps.com,
Year of publication 2000.
300 ## - PHYSICAL DESCRIPTION
Number of Pages 1 online resource (1 map)
650 #0 - SUBJECT ADDED ENTRY--TOPICAL TERM
Topical Term Land settlement
856 40 - ELECTRONIC LOCATION AND ACCESS
Uniform Resource Identifier http://site.ebrary.com/lib/rucke/Doc?id=10002749

No items available.

© 2026 Rongo University
Contact us: librarian | system librarian | Rongo university